| 000 | 00493nam a22001697a 4500 | ||
|---|---|---|---|
| 005 | 20251108171012.0 | ||
| 008 | 250721s1998 xx 000 0 ara d | ||
| 082 | 1 | 4 | _a910.4/ريم |
| 100 | 1 | _aالريماوي، حسين | |
| 245 | 1 | 0 | _aمدخل إلى السياحة و الإستجمام و التنزه / |
| 264 | 1 |
_aعمان : _bالنظم، _c1998. |
|
| 300 | _a191ص | ||
| 650 | 1 | 7 | _aالسياحه |
| 650 | 1 | 7 | _aالرحلات الأسفار |
| 942 |
_2ddc _cBK |
||
| 999 |
_c54103 _d54103 |
||